[Event "Niedersachsen-ch op-A"]
[Site "Verden"]
[Date "2015.01.05"]
[Round "7"]
[White "Stummeyer, Dieter"]
[Black "Gottwald, Siegmar"]
[Result "1-0"]
[WhiteElo "1901"]
[BlackElo "1797"]
[PlyCount "59"]
[EventDate "2015.01.02"]
[EventType "swiss"]
[EventRounds "7"]
[EventCountry "GER"]
[SourceTitle "EXT 2018"]
[Source "ChessBase"]
[SourceDate "2017.10.13"]
[SourceVersion "1"]
[SourceVersionDate "2017.10.13"]
[SourceQuality "1"]

1. e4 c5 2. Nf3 d6 3. d4 cxd4 4. Nxd4 Nf6 5. Nc3 a6 6. Be2 e6 7. Be3 b5 8. a3 Be7 9. 0-0 0-0 10. f4 Nbd7 11. Bf3 Bb7 12. Qe1 Re8 13. Rd1 Qc7 14. g4 e5 15. Nf5 Bf8 16. g5 Nxe4 17. Bxe4 Bxe4 18. Nxe4 exf4 19. Rxf4 Qxc2 20. Bd4 d5 21. Qd2 Qc4 22. Ned6 Qb3 23. Nxe8 Rxe8 24. Bc3 Nb6 25. Rff1 Re4 26. Ng3 Bc5+ 27. Kh1 Rh4 28. Qe2 h6 29. Qe8+ Kh7 30. Qxf7 1-0

[Event "Niedersachsen-ch op-A"]
[Site "Verden"]
[Date "2015.01.03"]
[Round "3"]
[White "Braje, Monika"]
[Black "Gottwald, Siegmar"]
[Result "1-0"]
[WhiteElo "1764"]
[BlackElo "1797"]
[PlyCount "57"]
[EventDate "2015.01.02"]
[EventType "swiss"]
[EventRounds "7"]
[EventCountry "GER"]
[SourceTitle "EXT 2018"]
[Source "ChessBase"]
[SourceDate "2017.10.13"]
[SourceVersion "1"]
[SourceVersionDate "2017.10.13"]
[SourceQuality "1"]

1. e4 c5 2. d4 cxd4 3. c3 dxc3 4. Nxc3 Nc6 5. Nf3 d6 6. Bc4 e6 7. 0-0 a6 8. a3 b5 9. Ba2 Ra7 10. Be3 Rd7 11. Rc1 Bb7 12. Qe2 Nf6 13. Rfd1 Be7 14. b4 0-0 15. Ng5 d5 16. exd5 Nxd5 17. Nxd5 exd5 18. Qh5 h6 19. Nh3 d4 20. Bxh6 gxh6 21. Qg6+ Kh8 22. Qxh6+ Kg8 23. Rd3 Bh4 24. Rg3+ Bxg3 25. Ng5 Bxf2+ 26. Kxf2 Re8 27. Qg6+ Kf8 28. Nh7+ Ke7 29. Qf6# 1-0

[Event "Niedersachsen-ch op-A"]
[Site "Verden"]
[Date "2015.01.03"]
[Round "4"]
[White "Franke, Dirk"]
[Black "Gottwald, Siegmar"]
[Result "1-0"]
[WhiteElo "1812"]
[BlackElo "1797"]
[PlyCount "73"]
[EventDate "2015.01.02"]
[EventType "swiss"]
[EventRounds "7"]
[EventCountry "GER"]
[SourceTitle "EXT 2018"]
[Source "ChessBase"]
[SourceDate "2017.10.13"]
[SourceVersion "1"]
[SourceVersionDate "2017.10.13"]
[SourceQuality "1"]

1. c4 Nf6 2. Nc3 g6 3. g3 Bg7 4. Bg2 0-0 5. Nf3 d5 6. cxd5 Nxd5 7. Nxd5 Qxd5 8. 0-0 c6 9. d3 Na6 10. a3 Nc5 11. Rb1 e5 12. b4 Ne6 13. Bb2 Qd6 14. Qd2 f5 15. Rfd1 f4 16. d4 e4 17. Ne5 Qd5 18. Qc2 Ng5 19. Kh1 fxg3 20. fxg3 Rf2 21. Rg1 Rxg2 22. Rxg2 e3 23. Qc4 Bh3 24. Qxd5+ cxd5 25. Rgg1 Ne4 26. Rgc1 Rf8 27. Rc7 Rf2 28. Rxb7 Rxe2 29. Rb8+ Bf8 30. Ba1 Rf2 31. Nd3 Rd2 32. Nf4 Bg4 33. Rf1 Rf2 34. Kg1 g5 35. Nd3 Bh3 36. Rxf2 Nxf2 37. Nxf2 1-0

[Event "Niedersachsen-ch op-A"]
[Site "Verden"]
[Date "2015.01.02"]
[Round "2"]
[White "Gottwald, Siegmar"]
[Black "Ewert, Stefan"]
[Result "0-1"]
[WhiteElo "1797"]
[BlackElo "1859"]
[PlyCount "64"]
[EventDate "2015.01.02"]
[EventType "swiss"]
[EventRounds "7"]
[EventCountry "GER"]
[SourceTitle "EXT 2018"]
[Source "ChessBase"]
[SourceDate "2017.10.13"]
[SourceVersion "1"]
[SourceVersionDate "2017.10.13"]
[SourceQuality "1"]

1. Nf3 f5 2. g3 Nf6 3. Bg2 e6 4. d3 Bb4+ 5. Nbd2 0-0 6. 0-0 Nc6 7. c3 Be7 8. e4 fxe4 9. dxe4 e5 10. Ng5 Qe8 11. f4 exf4 12. gxf4 Bc5+ 13. Kh1 d6 14. b4 Be3 15. Nc4 Bxc1 16. Rxc1 h6 17. e5 dxe5 18. fxe5 hxg5 19. exf6 gxf6 20. Bd5+ Be6 21. Re1 Bxd5+ 22. Qxd5+ Qf7 23. Rcd1 Rad8 24. Qf5 Kg7 25. Qc5 Rxd1 26. Rxd1 Qe6 27. b5 Qe4+ 28. Kg1 Qg4+ 29. Kf2 Qxd1 30. bxc6 bxc6 31. Ne3 Qd2+ 32. Kg3 Qd6+ 0-1

[Event "Hannover Ihme Cup"]
[Site "Hannover"]
[Date "2013.05.05"]
[Round "4"]
[White "Gottwald, Siegmar"]
[Black "Rabsch, Peter"]
[Result "1-0"]
[WhiteElo "1857"]
[BlackElo "1709"]
[PlyCount "63"]
[EventDate "2013.05.03"]
[EventType "swiss"]
[EventRounds "5"]
[EventCountry "GER"]
[SourceTitle "EXT 2021"]
[Source "ChessBase"]
[SourceDate "2020.10.23"]
[SourceVersion "1"]
[SourceVersionDate "2020.10.23"]
[SourceQuality "1"]

1. e4 c6 2. d4 d5 3. e5 Bf5 4. g4 Bg6 5. h4 h6 6. Bd3 Bxd3 7. Qxd3 e6 8. Be3 Nd7 9. Nd2 Be7 10. h5 Bg5 11. f4 Bh4+ 12. Ke2 Be7 13. Ngf3 Qb6 14. f5 0-0-0 15. fxe6 fxe6 16. Qg6 Qb5+ 17. Kf2 Bg5 18. Bxg5 hxg5 19. Qxe6 Nh6 20. Kg3 Rhf8 21. c4 Qxb2 22. cxd5 cxd5 23. Qd6 Nb6 24. Rhc1+ Nc4 25. Nxc4 Rxd6 26. Nxb2+ Rc6 27. Nd3 Nf7 28. e6 Nd6 29. Nxg5 Ne4+ 30. Nxe4 dxe4 31. Ne5 Rc7 32. Nf7 1-0

[Event "Niedersachsen-ch op-A"]
[Site "Verden"]
[Date "2013.01.03"]
[Round "1"]
[White "Falk, Tobias"]
[Black "Gottwald, Siegmar"]
[Result "1-0"]
[WhiteElo "2002"]
[BlackElo "1868"]
[PlyCount "61"]
[EventDate "2013.01.03"]
[EventType "swiss"]
[EventRounds "7"]
[EventCountry "GER"]
[SourceTitle "EXT 2014"]
[Source "ChessBase"]
[SourceDate "2013.11.20"]
[SourceVersion "1"]
[SourceVersionDate "2013.11.20"]
[SourceQuality "1"]

1. c4 Nf6 2. d4 c5 3. Nf3 cxd4 4. Nxd4 g6 5. Nc3 Bg7 6. e4 d6 7. Be2 0-0 8. 0-0 Nc6 9. Nc2 a6 10. Be3 Bd7 11. f3 Rb8 12. Rc1 Qa5 13. a3 Rfc8 14. b4 Qd8 15. f4 Ng4 16. Bxg4 Bxg4 17. Qd3 Be6 18. Nd5 b5 19. c5 f5 20. Nd4 Nxd4 21. Bxd4 fxe4 22. Qxe4 Bxd4+ 23. Kh1 Bf7 24. Nxe7+ Kf8 25. Nxc8 dxc5 26. bxc5 Bb2 27. Rc2 Bxa3 28. Nd6 Qf6 29. Nxf7 Qxf7 30. Qd3 Bb4 31. Qd6+ 1-0